|
|
|
|
| LEADER |
01904nam a2200469Ia 4500 |
| 001 |
EBC408432 |
| 003 |
MiAaPQ |
| 005 |
20200520144314.0 |
| 006 |
m o d | |
| 007 |
cr cn||||||||| |
| 008 |
940630s1995 ilua sb 001 0 eng d |
| 010 |
|
|
|z 94027934
|
| 020 |
|
|
|z 0226158454 (cloth : alk. paper)
|
| 020 |
|
|
|z 9780226158457
|
| 020 |
|
|
|z 9780226158471
|
| 035 |
|
|
|a (MiAaPQ)EBC408432
|
| 035 |
|
|
|a (Au-PeEL)EBL408432
|
| 035 |
|
|
|a (CaPaEBR)ebr10216890
|
| 035 |
|
|
|a (CaONFJC)MIL122330
|
| 035 |
|
|
|a (OCoLC)437248188
|
| 040 |
|
|
|a MiAaPQ
|c MiAaPQ
|d MiAaPQ
|
| 050 |
|
4 |
|a HC125
|b .R4127 1995
|
| 082 |
0 |
4 |
|a 338.956
|2 20
|
| 245 |
0 |
0 |
|a Reform, recovery, and growth
|h [electronic resource] :
|b Latin America and the Middle East /
|c edited by Rudiger Dornbusch and Sebastian Edwards.
|
| 260 |
|
|
|a Chicago :
|b University of Chicago Press,
|c 1995.
|
| 300 |
|
|
|a viii, 426 p. :
|b ill.
|
| 490 |
1 |
|
|a A National Bureau of Economic Research project report
|
| 504 |
|
|
|a Includes bibliographical references and indexes.
|
| 533 |
|
|
|a Electronic reproduction. Ann Arbor, MI : ProQuest, 2015. Available via World Wide Web. Access may be limited to ProQuest affiliated libraries.
|
| 650 |
|
0 |
|a Economic stabilization
|z Israel.
|
| 650 |
|
0 |
|a Economic stabilization
|z Latin America.
|
| 650 |
|
0 |
|a Economic stabilization
|z Turkey.
|
| 650 |
|
0 |
|a Structural adjustment (Economic policy)
|z Israel.
|
| 650 |
|
0 |
|a Structural adjustment (Economic policy)
|z Latin America.
|
| 650 |
|
0 |
|a Structural adjustment (Economic policy)
|z Turkey.
|
| 651 |
|
0 |
|a Latin America
|x Economic conditions
|y 1982-
|
| 655 |
|
4 |
|a Electronic books.
|
| 700 |
1 |
|
|a Dornbusch, Rudiger.
|
| 700 |
1 |
|
|a Edwards, Sebastian,
|d 1953-
|
| 710 |
2 |
|
|a ProQuest (Firm)
|
| 830 |
|
0 |
|a National Bureau of Economic Research project report.
|
| 856 |
4 |
0 |
|u https://ebookcentral.proquest.com/lib/matrademy/detail.action?docID=408432
|z Click to View
|